| 000 | 00324nam a22001097a 4500 | ||
|---|---|---|---|
| 082 | _a297.1245 BEM'A | ||
| 100 |
_aBEMAT, MAULANA MUFTI-AHMAD _976642 |
||
| 245 | _aTHE ABRIDGED SHAMIAL-E-TIRMIZI WITH NOTES FROM SHAIKH AL-HADITH MAULANA ZAKARIYA SAHB'S | ||
| 260 |
_aLAHORE _bPROGRESSIVE _c1979 |
||
| 300 | _a334P | ||
| 942 | _cBK | ||
| 999 |
_c581990 _d581990 |
||